Study on possibilities of supporting the poor people in preah sdach district prey veng province, សិក្សាពីភាពគាំទ្រគ្រួសារក្រីក្រក្នុងស្រុកព្រះស្ដេច ខេត្តព្រៃវែង (Record no. 4428)

000 -LEADER
fixed length control field 00649nam a22001577a 4500
003 - CONTROL NUMBER IDENTIFIER
control field OSt
005 - DATE AND TIME OF LATEST TRANSACTION
control field 20151212095925.0
008 - FIXED-LENGTH DATA ELEMENTS--GENERAL INFORMATION
fixed length control field 151212b xxu||||| |||| 00| 0 eng d
040 ## - CATALOGING SOURCE
Transcribing agency RUA
082 ## - DEWEY DECIMAL CLASSIFICATION NUMBER
Classification number ATM.s EM 2004 B212 Or.1
100 ## - MAIN ENTRY--PERSONAL NAME
9 (RLIN) 4752
Personal name EM, SOKHA.
245 ## - TITLE STATEMENT
Title Study on possibilities of supporting the poor people in preah sdach district prey veng province, សិក្សាពីភាពគាំទ្រគ្រួសារក្រីក្រក្នុងស្រុកព្រះស្ដេច ខេត្តព្រៃវែង
260 ## - PUBLICATION, DISTRIBUTION, ETC. (IMPRINT)
Place of publication, distribution, etc. Phnom Penh
Name of publisher, distributor, etc. RUA
Date of publication, distribution, etc. 2004
300 ## - PHYSICAL DESCRIPTION
Extent vii; 53p.
Other physical details ill.
Dimensions 29cm.
942 ## - ADDED ENTRY ELEMENTS (KOHA)
Source of classification or shelving scheme
Koha item type ATM.s
Holdings
Price effective from Date last seen Permanent Location Not for loan Date acquired Source of classification or shelving scheme Koha item type Barcode Lost status Damaged status Shelving location Withdrawn status Current Location Full call number
2015-12-122015-12-12Library Block B 2015-12-12 ATM.sRUA033420  B212 Library Block BATM.s EM 2004 B212 Or.1
2015-12-122015-12-12Library Block B 2015-12-12 ATM.sRUA017713  B212 Library Block BATM.s EM 2004 B212 Or.2
2015-12-122015-12-12Library Block B 2015-12-12 ATM.sRUA017857  B212 Library Block BATM.s EM 2004 B212 Or.3
2015-12-122015-12-12Library Block B 2015-12-12 ATM.sRUA017785  B212 Library Block BATM.s EM 2004 B212 Or.4
2015-12-122015-12-12Library Block B 2015-12-12 ATM.sRUA009446  B212 Library Block BATM.s EM 2004 B212 Or.5
2015-12-122015-12-12Library Block B 2015-12-12 ATM.sRUA016755  B212 Library Block BATM.s EM 2004 B212 Or.6
2015-12-122015-12-12Library Block B 2015-12-12 ATM.sRUA016768  B212 Library Block BATM.s EM 2004 B212 Or.7
2015-12-122015-12-12Library Block B 2015-12-12 ATM.sRUA033515  B212 Library Block BATM.s EM 2004 B212 Or.8
2015-12-122015-12-12Library Block B 2015-12-12 ATM.sRUA034664  B212 Library Block BATM.s EM 2004 B212 Or.9
2015-12-122015-12-12Library Block B 2015-12-12 ATM.sRUA034781  B212 Library Block BATM.s EM 2004 B212 Or.10
មជ្ឈមណ្ឌលឯការនៃសាកលវិទ្យាល័យភូមិន្ទកសិកម្មចំការដូង

Powered by Koha